All Pokémon Trading Card Game sets (English) - Statistics

General Stats
  • This quiz has been taken 124 times
    122 since last reset
  • The average score is 51 of 111
Answer Stats
Year Series Name Set Name % Correct
1999 Original Series Base Set
93%
1999 Original Series Fossil
87%
1999 Original Series Jungle
85%
2023 Scarlet & Violet Series Scarlet & Violet
83%
2017 Sun & Moon Series Sun & Moon
83%
2020 Sword & Shield Series Sword & Shield
83%
2011 Black & White Series Black & White
79%
2000 Original Series Team Rocket
77%
2014 XY Series XY
75%
2016 XY Series Evolutions
73%
2000 Original Series Base Set 2
71%
2023 Scarlet & Violet Series Paldea Evolved
71%
2021 Sword & Shield Series Evolving Skies
68%
2016 XY Series Steam Siege
67%
2019 Sun & Moon Series Team Up
67%
2023 Special Expansion Crown Zenith
65%
2023 (Unreleased) Scarlet & Violet Series 151
64%
2020 Sword & Shield Series Shining Fates
64%
2022 Sword & Shield Series Silver Tempest
64%
2010 HeartGold & SoulSilver Series HeartGold & SoulSilver
61%
2020 Sword & Shield Series Vivid Voltage
61%
2021 Sword & Shield Series Battle Styles
60%
2021 Special Expansion Celebrations
60%
2019 Sun & Moon Series Cosmic Eclipse
59%
2007 Diamond & Pearl Series Diamond & Pearl
59%
2022 Sword & Shield Series Lost Origin
59%
2000 Neo Series Neo Genesis
59%
2021 Sword & Shield Series Fusion Strike
57%
2016 Special Expansion Generations
57%
2019 Special Expansion Hidden Fates
57%
2009 Platinum Series Platinum
57%
2023 (unreleased) Scarlet & Violet Series Obsidian Flames
56%
2020 Sword & Shield Series Rebel Clash
56%
2022 Sword & Shield Series Astral Radiance
55%
2020 Sword & Shield Series Darkness Ablaze
55%
2003 EX Series EX Dragon
55%
2022 Special Expansion Pokémon GO
55%
2022 Sword & Shield Series Brilliant Stars
53%
2002 Legendary Collection Series Legendary Collection
53%
2003 e-Card Series Aquapolis
51%
2021 Sword & Shield Series Chilling Reign
51%
2000 Original Series Gym Heroes
51%
2016 XY Series BREAKpoint
49%
2017 Sun & Moon Series Burning Shadows
49%
2002 Neo Series Neo Destiny
49%
2015 XY Series BREAKthrough
48%
2000 Original Series Gym Challenge
48%
2019 Sun & Moon Series Unified Minds
48%
2011 Call of Legends Series Call of Legends
47%
2014 XY Series Flashfire
47%
2020 Special Expansion Champion's Path
45%
2014 XY Series Phantom Forces
45%
2013 Black & White Series Plasma Freeze
45%
2003 e-Card Series Skyridge
45%
2003 EX Series EX Ruby & Sapphire
44%
2016 XY Series Fates Collide
44%
2013 Black & White Series Legendary Treasures
44%
2009 Platinum Series Arceus
43%
2004 EX Series EX Team Rocket Returns
43%
2013 Black & White Series Plasma Blast
43%
2015 XY Series Roaring Skies
43%
2019 Sun & Moon Series Unbroken Bonds
43%
2017 Sun & Moon Series Crimson Invasion
41%
2003 EX Series EX Sandstorm
41%
2017 Sun & Moon Series Guardians Rising
41%
2001 Neo Series Neo Discovery
41%
2013 Black & White Series Plasma Storm
41%
2015 XY Series Ancient Origins
40%
2014 XY Series Furious Fists
40%
2015 XY Series Primal Clash
40%
2018 Sun & Moon Series Ultra Prism
40%
2005 EX Series EX Deoxys
39%
2005 EX Series EX Emerald
39%
2017 Special Expansion Shining Legends
39%
2018 Sun & Moon Series Celestial Storm
37%
2018 Special Expansion Dragon Majesty
37%
2006 EX Series EX Holon Phantoms
36%
2001 Neo Series Neo Revelation
36%
2015 Special Expansion Double Crisis
35%
2010 HeartGold & SoulSilver Series Undaunted
35%
2019 Special Expansion Detective Pikachu
33%
2012 Special Expansion Dragon Vault
32%
2006 EX Series EX Crystal Guardians
32%
2005 EX Series EX Delta Species
32%
2018 Sun & Moon Series Lost Thunder
32%
2012 Black & White Series Next Destinies
32%
2012 Black & White Series Dragons Exalted
31%
2010 HeartGold & SoulSilver Series Unleashed
31%
2004 EX Series EX FireRed & LeafGreen
29%
2009 Platinum Series Rising Rivals
29%
2010 HeartGold & SoulSilver Series Triumphant
29%
2008 Diamond & Pearl Series Stormfront
28%
2012 Black & White Series Boundaries Crossed
27%
2011 Black & White Series Emerging Powers
27%
2006 EX Series EX Dragon Frontiers
27%
2004 EX Series EX Team Magma vs Team Aqua
27%
2011 Black & White Series Noble Victories
27%
2006 EX Series EX Legend Maker
25%
2018 Sun & Moon Series Forbidden Light
25%
2009 Platinum Series Supreme Victors
25%
2002 e-Card Series Expedition Base Set
24%
2007 EX Series EX Power Keepers
24%
2007 Diamond & Pearl Series Mysterious Treasures
24%
2004 EX Series EX Hidden Legends
23%
2005 EX Series EX Unseen Forces
23%
2008 Diamond & Pearl Series Majestic Dawn
23%
2012 Black & White Series Dark Explorers
21%
2007 Diamond & Pearl Series Secret Wonders
21%
2008 Diamond & Pearl Series Legends Awakened
17%
2008 Diamond & Pearl Series Great Encounters
13%
2013 Special Expansion Kalos Starter Set
13%
No matching quizzes found
Score Distribution
Percent of People with Each Score
Percentile by Number Answered
Your Score History
You have not taken this quiz since the last reset